| 000 | 00439cam a22001337a 4500 | ||
|---|---|---|---|
| 008 | 180718b1944 xxu||||| |||| 00| 0 eng d | ||
| 082 | _aA43x54 Ay99 | ||
| 245 |
_aThe Indian ordinances (1939-1944): (with notes) _cedited by Ramanathan Ayyar and R. Matrubutham |
||
| 260 |
_aMadras _bMadras Law Journal office _c1944 |
||
| 300 | _a271p. | ||
| 650 | _aOrdinances - India | ||
| 700 | _aMatrubutham, R., ed. | ||
| 700 | _aAyyar, P. Ramanatha, ed. | ||
| 999 |
_c478195 _d478195 |
||